Algunas consideraciones sobre las pinturas enconchadas del Museo Nacional de Historia (Record no. 5162)

MARC details
000 -CABECERA
campo de control de longitud fija 00936nam a2200277 a 4500
001 - NÚMERO DE CONTROL
campo de control BRCA_5468
005 - FECHA Y HORA DE LA ÚLTIMA TRANSACCIÓN
campo de control 20190320205106.0
008 - DATOS DE LONGITUD FIJA--INFORMACIÓN GENERAL
campo de control de longitud fija 030111s1976----mx-a###f##---#000-0#spa-#
041 ## - CÓDIGO DE LENGUA
Código de lengua del texto/banda sonora o título independiente spa
044 ## - CÓDIGO DEL PAÍS DE LA ENTIDAD EDITORA/PRODUCTORA
Código MARC del país mx
050 #4 - SIGNATURA TOPOGRÁFICA DE LA BIBLIOTECA DEL CONGRESO
Número de clasificación ND253
Número de documento/Ítem .S25 1976
100 1# - ENTRADA PRINCIPAL--NOMBRE DE PERSONA
Nombre de persona Santiago Silva, José de
9 (RLIN) 13970
245 10 - MENCIÓN DE TÍTULO
Título Algunas consideraciones sobre las pinturas enconchadas del Museo Nacional de Historia
Mención de responsabilidad, etc. José de Santiago Silva.
260 ## - PUBLICACIÓN, DISTRIBUCIÓN, ETC.
Lugar de publicación, distribución, etc. México
Nombre del editor, distribuidor, etc. Castillo de Chapultepec, INAH
Fecha de publicación, distribución, etc. 1976
300 ## - DESCRIPCIÓN FÍSICA
Extensión 45 p.
Otras características físicas il.
Dimensiones 28 cm.
440 #0 - MENCIÓN DE SERIE/PUNTO DE ACCESO ADICIONAL--TÍTULO
Título Colecciones de los museos
9 (RLIN) 13971
500 ## - NOTA GENERAL
Nota general Incluye lista de ilustraciones
500 ## - NOTA GENERAL
Nota general Ejemplar engargolado
500 ## - NOTA GENERAL
Nota general Por política no se presta a domicilio
504 ## - NOTA DE BIBLIOGRAFÍA, ETC.
Nota de bibliografía, etc. Bibliografía: p. 45
610 24 - PUNTO DE ACCESO ADICIONAL DE MATERIA--NOMBRE DE ENTIDAD CORPORATIVA
Nombre de entidad corporativa o nombre de jurisdicción como elemento de entrada Museo Nacional de Historia (México)
9 (RLIN) 3666
650 14 - PUNTO DE ACCESO ADICIONAL DE MATERIA--TÉRMINO DE MATERIA
Término de materia o nombre geográfico como elemento de entrada Pintura
Subdivisión cronológica Siglo XVII-XVIII
Subdivisión geográfica México
9 (RLIN) 13972
650 14 - PUNTO DE ACCESO ADICIONAL DE MATERIA--TÉRMINO DE MATERIA
Término de materia o nombre geográfico como elemento de entrada Historia del arte
Subdivisión geográfica México
9 (RLIN) 13973
902 ## - CATALOGADOR
Iniciales eng
942 ## - ELEMENTOS DE PUNTO DE ACCESO ADICIONAL (KOHA)
Fuente del sistema de clasificación o colocación Library of Congress Classification
Tipo de ítem Koha Libros
Holdings
Estado de retiro Estado de pérdida Estado dañado No para préstamo Localización permanente Ubicación/localización actual Fecha de adquisición Total de préstamos Signatura topográfica completa Código de barras Fecha visto por última vez Precio válido a partir de Tipo de ítem Koha
El ejemplar forma parte de la colección y puede ser consultado según las políticas vigentes.       Biblioteca del Museo Franz Mayer (Rogerio Casas-Alatriste) Biblioteca del Museo Franz Mayer (Rogerio Casas-Alatriste) 03/01/2011   ND253 .S25 1976 ENG00040 22/03/2019 22/03/2019 Libros